000 01111cam a2200325L 4500
001 87886
005 20230411090046.0
008 091126s1991 txu m 000 u eng d
035 _a(OCoLC)ocn470081558
040 _aDKDLA
_bdan
_cDKDLA
020 _a0292720688
020 _a9780292720688
029 0 _aDKDLA
_b22952824
035 _a(OCoLC)470081558
082 4 _a972.02
_220
049 _aGRAL
100 1 _aHimmerich y Valencia , Robert,
_d1932-.
245 1 4 _aThe encomenderos of New Spain, 1521-1555 /
_cby Robert Himmerich y Valencia ; foreword by Joseph P. Sâanchez.
260 _aAustin :
_bUniversity of Texas Press,
_c1991.
300 _axi, 348 s. :
_bportr., kort.
502 _aDisputats, Los Angeles, 1984.
650 4 _aEncomenderos
_zMexico
_xHistory
_y16th century.
650 4 _aEncomiendas (Latin America)
_xHistory
_y16th century.
650 4 _aEncomenderos
_zMexico
_xBiography.
651 4 _aMexico
_xHistory
_yConquest, 1519-1540
_xBiography.
651 4 _aMexico
_xHistory
_ySpanish colony, 1540-1810
_xBiography.
942 _2lcc
_cbk
994 _aC0
_bDRFGD
946 _aMF
999 _c111738
_d111738